Thiết kế hệ thống cung cấp điện cho phân xưởng cơ khí tại công ty TNHH tư vấn – xây dựng Thành tín-Quảng Bình Đồ án tốt nghiệp
Giới thiệu chung về nhà máy phân xưởng cơ khí của nhà máy; xác định phụ tải tính toán; thiết kế mạng hạ áp cho phân xưởng cơ khí và tính chọn các thiết bị; tính toán bù công xuất phản kháng, nâng cao hệ số công suất cosȹ cho toàn phân xưởng cơ khí...
Đã lưu trong:
| Tác giả chính: | |
|---|---|
| Định dạng: | Sách |
| Năm xuất bản: |
Quảng Bình
Trường Đại học Quảng Bình
2017
|
| Chủ đề: | |
| Tags: |
Thêm thẻ
Không có thẻ, Hãy là người đầu tiên gắn thẻ bản ghi này!
|
| LEADER | 01110nam a2200181 4500 | ||
|---|---|---|---|
| 999 | |c 15080 |d 15080 | ||
| 082 | |a 621.32 |b NG527V | ||
| 100 | |a Nguyễn Văn Hanh | ||
| 245 | |a Thiết kế hệ thống cung cấp điện cho phân xưởng cơ khí tại công ty TNHH tư vấn – xây dựng Thành tín-Quảng Bình |c Nguyễn Văn Hanh ; Lương Duy Minhn Hướng dẫn |b Đồ án tốt nghiệp | ||
| 260 | |a Quảng Bình |b Trường Đại học Quảng Bình |c 2017 | ||
| 300 | |a 58tr. |c 29cm | ||
| 520 | |a Giới thiệu chung về nhà máy phân xưởng cơ khí của nhà máy; xác định phụ tải tính toán; thiết kế mạng hạ áp cho phân xưởng cơ khí và tính chọn các thiết bị; tính toán bù công xuất phản kháng, nâng cao hệ số công suất cosȹ cho toàn phân xưởng cơ khí | ||
| 653 | |a Kỹ thuật điện | ||
| 653 | |a Điện sáng | ||
| 653 | |a Cấp điện | ||
| 653 | |a Luận án | ||
| 942 | |2 ddc |c KL | ||
| 952 | |0 0 |1 0 |2 ddc |4 0 |6 621_320000000000000_NG527V |7 0 |8 600 |9 114142 |a qbu |b qbu |c D1 |d 2018-04-04 |o 621.32 NG527V |p LA680.C1 |r 2018-04-04 |w 2018-04-04 |y KL | ||